=LDR 00000nam 2200000 4500 =001 INLIS000000000033885 =005 20130612135821 =008 ***********************************ind** =035 ##$$0010-061300000033885 =041 ##$$a ind =082 ##$$a 657 =090 ##$$a 657, Swu k =100 ##$$a Swal Diman =245 ##$$a kapita selekta akutansi, Current Issues dalam teori akutansi dan akutansi manajemen, Suwaldiman =260 ##$$a 2009 $b Yogyakarta =300 ##$$a x, 186 hlm, ilus, 23 cm =650 ##$$a Akutansi =850 ##$$a NBPNMAT =990 ##$$a 0001/BPAP-NTB/20142015 =990 ##$$a 0076/BPAP-NTB/2016 =990 ##$$a 87048704 =990 ##$$a 01201708704 =990 ##$$a 0001/BPAP-NTB/20142015 =990 ##$$a 0076/BPAP-NTB/2016 =990 ##$$a 1295612956 =990 ##$$a 01201712956 =990 ##$$a 0001/BPAP-NTB/20142015 =990 ##$$a 0076/BPAP-NTB/2016 =990 ##$$a 01201708704 =990 ##$$a 01201712956 =990 ##$$a 0001/BPAP-NTB/20142015 =990 ##$$a 0076/BPAP-NTB/2016 =990 ##$$a 01201708704